000 00737cab a2200265 4500
001 X75
008 090401t1991 xxu||||| |||| 00| 0 eng d
035 _a(Sirsi) u44978
041 _aeng
100 _aFoster, S.
245 _aAppraisal database and information
260 _c1991
350 _a0
490 _aJournal of Property Valuation and Investment
_v10(1) Autumn 1991, 413-422(11)
650 _aBRITISH COLOMBIA ASSESSMENT AUTHORITY
650 _aCOMPUTERS
650 _aDATABASES
650 _aFORECASTING TECHNIQUES
650 _aMASS APPRAISAL
650 _aValuation
_96273
690 _aMANAGEMENT-BUSINESS MANAGEMENT-INFORMATION MANAGEMENT
700 _aHamilton, S.
942 _n0
948 _c04/03/1997
999 _c28590
_d28590